书目信息 |
| 题名: |
患了儿童肥胖病怎么办
|
|
| 作者: | 万燕萍 主编 | |
| 分册: | ||
| 出版信息: | 上海 上海科学技术文献出版社 2001.08 |
|
| 页数: | 116页 | |
| 开本: | 18cm | |
| 丛书名: | 21世纪现代家庭自我保健文库 | |
| 单 册: | ||
| 中图分类: | R723.14 | |
| 科图分类: | ||
| 主题词: | 小儿疾病:营养不良 | |
| 电子资源: | ||
| ISBN: | 7-5439-1798-X | |
| 000 | 00686nam0 2200217 45 | |
| 001 | 0437749296 | |
| 005 | 2004060910290803 | |
| 010 | @a7-5439-1798-X@dCNY 8.50 | |
| 100 | @a20040609d2001 km y0chiy0120 ea | |
| 101 | 0 | @achi |
| 102 | @aCN@b310000 | |
| 200 | 1 | @a患了儿童肥胖病怎么办@AHuan Le Er Tong Fei Pang Bing Zen Mo Ban@f万燕萍主编@FWan Yan Ping Zhu Bian |
| 210 | @a上海@c上海科学技术文献出版社@d2001.08 | |
| 215 | @a116页@d18cm | |
| 225 | 2 | @a21世纪现代家庭自我保健文库 |
| 410 | 0 | @12001 @a21世纪现代家庭自我保健文库 |
| 606 | 0 | @a小儿疾病:营养不良 |
| 690 | @aR723.14@v3 | |
| 701 | 0 | @a万燕萍@AWan Yan Ping@4主编 |
| 801 | 0 | @aCN@bPFT@c20040609 |
| 905 | @a安徽大学@dR723.14@eW047 | |
| 患了儿童肥胖病怎么办/万燕萍主编.-上海:上海科学技术文献出版社,2001.08 |
| 116页;18cm.-(21世纪现代家庭自我保健文库) |
| ISBN 7-5439-1798-X:CNY 8.50 |
| ● |
| 相关链接 |
|
|
|
正题名:患了儿童肥胖病怎么办
索取号:R723.14/W047
 
预约/预借
| 序号 | 登录号 | 条形码 | 馆藏地/架位号 | 状态 | 备注 |
| 1 | 379671 | 203796712 | 自科库401/401自科库 20排3列3层/ [索取号:R723.14/W047] | 在馆 | |
| 2 | 379672 | 203796721 | 自科库401/401自科库 20排3列3层/ [索取号:R723.14/W047] | 在馆 |